LEADER 02191nam0 2200325 450 001 000024399 005 20221028091333.0 012 $areli a?s- iain stqu (3) 1828 (A)$2fei$5UNIPARTHENOPE 100 $a20090313d1828----km-y0itay50------ba 101 0 $aita 102 $aIT 140 $a----aj--ega------yyybb1001-- 141 $ag--a0cc-$5UNIPARTHENOPE-------------------------------------------------------------- 200 1 $aElementi della storia e geografia del regno delle Due Sicilie. Seguiti da una carta politico-geografica e da tavole sinottiche delle produzioni delle manifatture del commercio e delle curiosita di ciascuna provincia ordinati a domande e risposte per uso delle scuole 210 $aNapoli$bsalita degli studi n. 25$cdalla stamperia di Francesco Fernandes$d1828 215 $aIV, 120, [2] p., 1 c. di tav. ripieg.$cc. geogr.$d8° 307 $aSegnatura: [pi greco]2 1-6(8) 7-9(4) [chi]1 316 $aBrossura editoriale (22x13x1 cm); sulla brossura etichette con antiche segnature; alcune carte intonse; foxing$5UNIPARTHENOPE 317 $aSulla controguardia ant. antiche segnature mss. parz cancellate: IX Lett. A N.° 23 25 [n.i.]; 12°-D-1801 [n.i.]; sul front. antiche segnature mss.: 70 i [n.i.]; 3L I 1 [n.i.]; Clas X 531 Ingres 3857 del Registro inventario della Regia Marina Biblioteca dipartimentale di Napoli; timbro A della Reale Biblioteca di Marina$5UNIPARTHENOPE 327 1 $aDigitalizzazione della copia, disponibile presso la Public Library of New York, a cura di Google:$uhttp://books.google.it/books?id=6_4KAAAAYAAJ&printsec=frontcover&dq=Elementi+della+storia+e+geografia+del+regno&ei=3ja6SaL8GKKIyATIy5jZCw#PPP9,M1 500 10$aElementi della storia e geografia del regno delle Due Sicilie.$959860 620 $aItalia$dNapoli 676 $a945.70832$v21$9STORIA. ITALIA MERIDIONALE. 1815-1830 712 02$aFernandes,$bFrancesco$4650 712 02$aDue Sicilie : Ministero della guerra e della marina$4390 801 0$aIT$bUNIPARTHENOPE$c20090313$gRICA$2UNIMARC 912 $a000024399 951 $aBORB-O/88$b3857$cFB$d2009 996 $aElementi della storia e geografia del regno delle Due Sicilie$959860 997 $aUNIPARTHENOPE